Normal view
MARC view
Entry Personal Name
001 - CONTROL NUMBER
- control field: 3607
003 - CONTROL NUMBER IDENTIFIER
- control field: PK-LaUMT
005 - DATE AND TIME OF LATEST TRANSACTION
- control field: 20241204090805.0
008 - FIXED-LENGTH DATA ELEMENTS
- fixed length control field: 241204|| aca||aabn | a|a d
040 ## - CATALOGING SOURCE
- Original cataloging agency: PK-LaUMT
- Transcribing agency: PK-LaUMT
100 ## - HEADING--PERSONAL NAME
- Personal name: Abbas, Abul K.
670 ## - SOURCE DATA FOUND
- Source citation: Work cat.: (PK-LaUMT)136201: Robbins & Kumar basic pathology /, 2023
